| 000 | 00505nam a22001937a 4500 | ||
|---|---|---|---|
| 003 | MPLRDC | ||
| 005 | 20220104190348.0 | ||
| 008 | 210129b ||||| |||| 00| 0 eng d | ||
| 020 | _a978-986-6562-93-8 | ||
| 082 | _a857.62 SBQZ-20 v.2 | ||
| 100 | _a松本清张 | ||
| 245 |
_a夜光的阶梯(下) _c廖子雯 译 |
||
| 250 | _a初版 | ||
| 260 |
_a台湾 _b独步文化 _c2011 |
||
| 300 | _b平 | ||
| 490 | _a日本推理大师经典: 28 | ||
| 650 | _a推理小说 | ||
| 942 |
_cBK _o857.62 SBQZ-20 v.2 |
||
| 999 |
_c63755 _d63745 |
||